<?xml version="1.0" encoding="UTF-8"?>
<collection xmlns="http://www.loc.gov/MARC21/slim">
 <record>
  <leader>01125nam a22002657a 4500</leader>
  <controlfield tag="001">42046</controlfield>
  <controlfield tag="003">BD-DhAAL</controlfield>
  <controlfield tag="008">240111t1998    bg a|||| |||| 00| 0 ben d</controlfield>
  <datafield tag="020" ind1=" " ind2=" ">
   <subfield code="a">984703783X</subfield>
  </datafield>
  <datafield tag="040" ind1=" " ind2=" ">
   <subfield code="a">BD-DhAAL</subfield>
   <subfield code="c">BD-DhAAL</subfield>
  </datafield>
  <datafield tag="041" ind1=" " ind2=" ">
   <subfield code="a">ben</subfield>
  </datafield>
  <datafield tag="082" ind1=" " ind2=" ">
   <subfield code="a">330</subfield>
   <subfield code="2">23</subfield>
  </datafield>
  <datafield tag="100" ind1=" " ind2=" ">
   <subfield code="a">আবদুর রাজ্জাক, হাওলাদার,</subfield>
   <subfield code="d">১৯৪৭-</subfield>
   <subfield code="9">55917</subfield>
  </datafield>
  <datafield tag="245" ind1=" " ind2=" ">
   <subfield code="a">অর্থশাস্ত্রের কথা /</subfield>
   <subfield code="c">হাওলাদার আবদুর রাজ্জাক.</subfield>
  </datafield>
  <datafield tag="246" ind1=" " ind2=" ">
   <subfield code="a">Aurtho shatrayer katha</subfield>
  </datafield>
  <datafield tag="246" ind1=" " ind2=" ">
   <subfield code="a">Theme of economics</subfield>
  </datafield>
  <datafield tag="260" ind1=" " ind2=" ">
   <subfield code="a">ঢাকা :</subfield>
   <subfield code="b">বাংলা একাডেমী,</subfield>
   <subfield code="c">১৯৯৮.</subfield>
  </datafield>
  <datafield tag="300" ind1=" " ind2=" ">
   <subfield code="a">[আট], ৫২৭ পৃষ্ঠা :</subfield>
   <subfield code="b">চিত্র ;</subfield>
   <subfield code="c">২২ সে.মি.</subfield>
  </datafield>
  <datafield tag="526" ind1=" " ind2=" ">
   <subfield code="a">BIED</subfield>
  </datafield>
  <datafield tag="541" ind1=" " ind2=" ">
   <subfield code="a">Complimentary copy from BIED</subfield>
   <subfield code="e">42046</subfield>
  </datafield>
  <datafield tag="650" ind1=" " ind2=" ">
   <subfield code="a">Economics.</subfield>
  </datafield>
  <datafield tag="852" ind1=" " ind2=" ">
   <subfield code="a">Ayesha Abed Library</subfield>
   <subfield code="c">General Stacks</subfield>
  </datafield>
  <datafield tag="942" ind1=" " ind2=" ">
   <subfield code="2">ddc</subfield>
   <subfield code="c">BK</subfield>
  </datafield>
  <datafield tag="999" ind1=" " ind2=" ">
   <subfield code="c">46292</subfield>
   <subfield code="d">46292</subfield>
  </datafield>
  <datafield tag="952" ind1=" " ind2=" ">
   <subfield code="0">0</subfield>
   <subfield code="1">0</subfield>
   <subfield code="2">ddc</subfield>
   <subfield code="4">0</subfield>
   <subfield code="6">330_000000000000000_ABD</subfield>
   <subfield code="7">0</subfield>
   <subfield code="9">74941</subfield>
   <subfield code="a">BRACUL</subfield>
   <subfield code="b">BRACUL</subfield>
   <subfield code="c">GEN</subfield>
   <subfield code="d">2024-01-11</subfield>
   <subfield code="e">Complimentary copy from BIED</subfield>
   <subfield code="g">140.00</subfield>
   <subfield code="l">0</subfield>
   <subfield code="o">330 ABD</subfield>
   <subfield code="p">3010042046</subfield>
   <subfield code="r">2024-01-11</subfield>
   <subfield code="t">1</subfield>
   <subfield code="w">2024-01-11</subfield>
   <subfield code="y">BK</subfield>
   <subfield code="x">BIED-2146</subfield>
  </datafield>
 </record>
</collection>
